000 00516nam a2200205Ia 4500
003 OSt
005 20230613121510.0
008 210423s2005 xx 000 0 und d
020 _a818625497
040 _cAL
041 _aeng
082 _a574.1921
_223
_b LIPS
100 _aLIPPARD (Stephen);BERG (Jeremy M).
_999909
245 _aPrinciples of bioinorganic chemistry.
260 _c2005
300 _axvii,411
_bPB
365 _cINR
906 _abioinorganic ; chemistry ; Principles
942 _2ddc
_cBK
999 _c163821
_d163821